000 00516nam a2200193Ia 4500
003 GCL
008 140319s9999 xx 000 0 eng d
020 _a750850429I\
040 _aGCL /
_cGCL
082 0 4 _a915.1
_bL I
100 1 _aLAW, EUGENE
245 1 0 _aINTERCONTINENTAL'S BEST OF CHINA /
_cLAW, EUGENE
260 _aالصين :
_bCHINA INTERCONTINENTAL PRESS
300 _a22 CM ؛
_c543 P
650 0 4 _aCHINA - HISTORY
650 0 4 _aCHINA - DESCRIPTION AND TRAVEL
650 0 4 _aCHINA
942 _2ddc
_cBK
999 _c9042
_d9042